| 000 | 00706nam a22002297a 4500 | ||
|---|---|---|---|
| 003 | OSt | ||
| 005 | 20250901124450.0 | ||
| 008 | 250901b |||||||| |||| 00| 0 eng d | ||
| 020 | _a978-93-5143-834-2 | ||
| 037 | _cTextual | ||
| 040 |
_aFEDL _beng _cFEDL |
||
| 041 |
_aeng _heng |
||
| 082 |
_2Ed. 8 _a342.549 13 ANA |
||
| 100 |
_aAnand, Adarsh Sein _9819597 |
||
| 245 |
_aConstitution of Jammu and Kashmir: _bIts development and comments/ _cby Aadarsh Sein Anand |
||
| 250 | _aEd. 8 | ||
| 260 |
_aGurugram _bLexis Nexis _c2016 |
||
| 300 | _axxxviii, 471p. | ||
| 650 |
_aCONSTITUTION _9819598 |
||
| 942 |
_2ddc _cTEXL _h342.549 13 ANA _n0 _eEd. 8 |
||
| 999 |
_c1435027 _d1435027 |
||